000 00987cam a22002777a 4500
003 CHAP
005 20220329133235.0
008 971013s r 00010 d
010 _a3804
011 _a4776
035 _a3980
040 _cCHAP
090 _aR-3240
100 0 0 _aReardon, Thomas.
_994942
245 0 _aIssues of sustainability in agricultural research in Africa
500 _aSobretiro de: Proceedings of the Symposium on the Sustainability of Agricultural Production Systems in Sub-Saharan Africa, Norwegian Centre for International Agricultural Development pp.43-67
590 _aBATCH-UPD
_b10
_c20130110
_lUCH01
_h1143
590 _aBATCH-UPD
_b10
_c20130410
_lUCH01
_h1424
590 _aCONVERSION
_b10
_c20130109
_lUCH01
_h1303
650 1 4 _aAgricultura
_xAfrica
_zAfrica.
_9175391
650 1 4 _aAgricultura
_xInvestigacion
_xAfrica.
_91578
700 0 _aIslam, Nurul.
_960579
901 _aBK
942 _cREIMP
949 _aR-3240
_bBC
_cR
_d-13511
_eTS1
_i3980
_mD
_si
999 _c3804
_d3804